| 000 -LEADER |
| fixed length control field |
01041nam a2200253 4500 |
| 008 - FIXED-LENGTH DATA ELEMENTS--GENERAL INFORMATION |
| fixed length control field |
250527b xxu||||| |||| 00| 0 eng d |
| 040 ## - CATALOGING SOURCE |
| Original cataloging agency |
Cagayan State University |
| Description conventions |
RDA |
| 082 ## - DEWEY DECIMAL CLASSIFICATION NUMBER |
| Classification number |
791.4372 |
| Item number |
S5827 2020 |
| 245 ## - TITLE STATEMENT |
| Title |
The Silencing 2020 / directed by Robin Pront ; written by Micah Ranum ; produced by Cybill Lui Eppich. |
| 260 ## - PUBLICATION, DISTRIBUTION, ETC. (IMPRINT) |
| Place of publication, distribution, etc |
United States ; |
| -- |
Canada : |
| Name of publisher, distributor, etc |
Saban films, |
| Date of publication, distribution, etc |
2020. |
| 300 ## - PHYSICAL DESCRIPTION |
| Extent |
1 videofile (ca. 93 mins.) : |
| Other physical details |
sound, color. |
| 520 ## - SUMMARY, ETC. |
| Summary, etc |
A reformed hunter and a female sheriff get caught in a deadly game of cat and mouse when they set out to track a killer who may have kidnapped his daughter five years earlier. |
| 546 ## - LANGUAGE NOTE |
| Language note |
In English subtitle. |
| 650 ## - SUBJECT ADDED ENTRY--TOPICAL TERM |
| Topical term or geographic name as entry element |
Action. |
| 650 ## - SUBJECT ADDED ENTRY--TOPICAL TERM |
| Topical term or geographic name as entry element |
Thriller. |
| 700 ## - ADDED ENTRY--PERSONAL NAME |
| Personal name |
Coster-Waldau, Nikolaj, star. |
| 700 ## - ADDED ENTRY--PERSONAL NAME |
| Personal name |
Wallis, Annabelle, star. |
| 700 ## - ADDED ENTRY--PERSONAL NAME |
| Personal name |
Tiffin, Hero Fiennes, star. |
| 700 ## - ADDED ENTRY--PERSONAL NAME |
| Personal name |
McClarnon, Zahn, star. |
| 700 ## - ADDED ENTRY--PERSONAL NAME |
| Personal name |
Scrofano, Melanie, star. |
| 700 ## - ADDED ENTRY--PERSONAL NAME |
| Personal name |
Dacosse, Manuel, cinematographer. |
| 700 ## - ADDED ENTRY--PERSONAL NAME |
| Personal name |
Dessauvage, Alain, editor. |
| 942 ## - ADDED ENTRY ELEMENTS (KOHA) |
| Source of classification or shelving scheme |
|
| Item type |
Audio-Visual Materials |